| 000 | 00438nam a2200169Ia 4500 | ||
|---|---|---|---|
| 003 | GCL | ||
| 008 | 140319s9999 xx 000 0 eng d | ||
| 040 |
_aGCL / _cGCL |
||
| 082 | 0 | 4 |
_a771.3 _bA P |
| 100 | 1 | _aALTON, JOHN | |
| 245 | 1 | 0 |
_aPAINTING WITH LIGHT / _cALTON, JOHN |
| 260 |
_aنيويورك : _bTHE MACMILLAN COMPANY ، _c1962 |
||
| 300 |
_a32 CM ؛ _c191 P |
||
| 650 | 0 | 4 | _aMOTION PICTURES |
| 650 | 0 | 4 | _aPAINTING |
| 942 |
_2ddc _cBK |
||
| 999 |
_c6893 _d6893 |
||